000 01567nab a22002177a 4500
999 _c5717
_d5717
003 OSt
005 20251231165552.0
008 190605e xxu||||| |||| 00| 0 spa d
040 _cPJ
100 _96346
_aMoltrassio, Sebastián
245 1 0 _aTrabajadores en bicicleta (riders) y plataformas de reparto. Atisbos de relación laboral. Estudio de sentencias de CABA, Buenos Aires y Santa Fe /
_bun riesgo latente para los empleadores /
_cSebastián Moltrassio.
260 _aCiudad Autónoma de Buenos Aires :
_bThomson Reuters La Ley,
_c2023.
300 _ap. 65-75
500 _aCita: TR LALEY AR/DOC/258/2023.
505 _aSumario: I. Introducción.— II. Normas de la LCT que generan la presunción de relación laboral.— III. Jurisprudencia. Atisbos de relación laboral: CABA. Actividad sindical.— IV. Provincia de Buenos Aires. Caracterización de la relación laboral.— V. "Repartos YA SA s/ apelación de resolución administrativa". Tribunal del Trabajo N° 1. La Plata.— VI. "Rappi Arg SAS s/ apelación de resolución administrativa". Tribunal del Trabajo N° 2. La Plata.— VII. "Kadabra SAS c. Ministerio de Trabajo s/ apelación de resolución administrativa".— VIII. Santa Fe.— IX. Conclusión.
505 _t¿Te interesa el texto completo? Solicitalo al correo: koha@justierradelfuego.gov.ar
650 0 _91316
_aDERECHO LABORAL
650 0 _95233
_aPANDEMIA
773 0 _02711
_93168
_dCiudad Autónoma de Buenos Aires : Thomson Reuters La Ley, 1999-2002.
_tRevista de derecho del trabajo. Nº 2 - Marzo 2023
942 _2udc
_cANA